Rivers of Europe Quiz Stats

 Plays Quiz not verified by Sporcle

Challenge
Share
Tweet
Embed
Score 0/19 Timer 05:00
0 Plays Today
% Correct
Rhine
85%
Danube
84.3%
Seine
82%
Rhone
82%
Thames
80.3%
Loire
73.7%
Po
73.7%
Elbe
72%
Volga
69%
Tagus
57.7%
% Correct
Oder
56.7%
Vistula
56%
Ebro
50.7%
Dneiper
41.7%
Faroe Islands
39%
Corsica
36.3%
Shetland Islands
35.7%
Sardinia
35%
Guadalquivir
33.7%

You're not logged in!

Compare scores with friends on all Sporcle quizzes.
OR
Log In

You Might Also Like...

Show Comments

Extras

Top Quizzes Today


Score Distribution

Your Account Isn't Verified!

In order to create a playlist on Sporcle, you need to verify the email address you used during registration. Go to your Sporcle Settings to finish the process.

Report this User

Report this user for behavior that violates our Community Guidelines.

Details: